<?xml version="1.0" encoding="UTF-8"?>
<marc:record xmlns:marc="http://www.loc.gov/MARC21/slim">
   <marc:leader>00000nam a2200000 a 4500</marc:leader>
   <marc:datafield ind1="1" ind2=" " tag="100">
      <marc:subfield code="a">Walter, Richard</marc:subfield>
      <marc:subfield code="4">edt</marc:subfield>
      <marc:subfield code="e">Bearbeiter/-in</marc:subfield>
   </marc:datafield>
   <marc:datafield ind1=" " ind2=" " tag="653">
      <marc:subfield code="a">Skiunterricht</marc:subfield>
   </marc:datafield>
   <marc:datafield ind1=" " ind2=" " tag="653">
      <marc:subfield code="a">Softcover</marc:subfield>
   </marc:datafield>
   <marc:datafield ind1=" " ind2=" " tag="653">
      <marc:subfield code="a">Karte</marc:subfield>
   </marc:datafield>
   <marc:datafield ind1=" " ind2=" " tag="653">
      <marc:subfield code="a">Lehrmittel</marc:subfield>
   </marc:datafield>
   <marc:datafield ind1="0" ind2="0" tag="245">
      <marc:subfield code="a">Snowsport Austria</marc:subfield>
   </marc:datafield>
   <marc:datafield ind1="0" ind2="0" tag="245">
      <marc:subfield code="b">die Österreichische Skischule</marc:subfield>
   </marc:datafield>
   <marc:datafield ind1="0" ind2="0" tag="245">
      <marc:subfield code="c">Hrsg.: Österreichischer Skischulverband vertreten durch Richard Walter</marc:subfield>
   </marc:datafield>
   <marc:datafield ind1=" " ind2="1" tag="264">
      <marc:subfield code="a">Purkersdorf</marc:subfield>
      <marc:subfield code="b">Hollinek</marc:subfield>
      <marc:subfield code="c">2007</marc:subfield>
   </marc:datafield>
   <marc:datafield ind1="1" ind2=" " tag="520">
      <marc:subfield code="a">Angaben aus der Verlagsmeldung

Snowsport Austria : Die Österreichische Skischule

Der Weg vom Ski-Sport zum Schnee-Sport spiegelt sich in der Österreichischen Ski-/SchneesportlehrerInnen-Ausbildung wieder.
Die Entwicklung des Wintersportes im Allgemeinen und im Skilehrwesen im Besonderen zeigte in den letzten Jahren, dass die Bedürfnisse der Skischulgäste immer stärker zu vielfältigen Angeboten des Wintersportes tendieren.
Der österreichische Weg der polysportiven Ausbildung stellt sicher, dass multifunktional ausgebildete SchneesportlehrerInnen in den Österreichischen Skischulen für eine marktgerechte Betreuung der Gäste zur Verfügung stehen – für alle Bereiche des modernen Wintersports!
Dieses Buch zeigt Ihnen den Weg vom Kinderunterricht über den klassischen alpinen Skilauf, bis hin zu den alternativen Schneesportarten wie z.B. Snowboarden, Langlaufen, Telemarken, Freeriden, New School usw. Das weite Spektrum des Schneesports umfasst aber auch eine moderne Sicherheitsausbildung, sowie den gesamten Behindertenskisport. Nach den Lehrplänen von Kruckenhauser und Hoppichler geht der Österreichische Skischulverband mit seiner polysportiven Ausbildung einen neuen und zukunftsweisenden Weg.
Richard Walter
</marc:subfield>
   </marc:datafield>
   <marc:datafield ind1=" " ind2=" " tag="020">
      <marc:subfield code="a">9783851193060</marc:subfield>
      <marc:subfield code="9">9783851193060</marc:subfield>
   </marc:datafield>
   <marc:datafield ind1=" " ind2=" " tag="041">
      <marc:subfield code="a">ger</marc:subfield>
   </marc:datafield>
   <marc:datafield ind1=" " ind2=" " tag="300">
      <marc:subfield code="a">412 S.</marc:subfield>
   </marc:datafield>
</marc:record>
